La Pulcella senza pulcellaggio (Record no. 117577)

MARC details
000 -LEADER
campo de control de longitud fija 00550nam a2200193 i 4500
001 - NÚMERO DE CONTROL
campo de control 117577
003 - IDENTIFICADOR DE NÚMERO DE CONTROL
campo de control ES-MaACL
005 - FECHA Y HORA DE LA ÚLTIMA TRANSACCIÓN
campo de control 20230906190931.0
007 - CAMPO FIJO DE DESCRIPCIÓN FÍSICA--INFORMACIÓN GENERAL
campo de control de longitud fija t|
008 - DATOS DE LONGITUD FIJA--INFORMACIÓN GENERAL
campo de control de longitud fija 070214s1925 it r ||||1| ita d
100 1# - ENTRADA PRINCIPAL--NOMBRE DE PERSONA
Nombre de persona Panzini, Alfredo.
9 (RLIN) 88834
245 13 - MENCIÓN DEL TÍTULO
Título La Pulcella senza pulcellaggio
Resto del título : (romanzo d'altri tempi) /
Mención de responsabilidad, etc. Alfredo Panzini.
260 ## - PUBLICACIÓN, DISTRIBUCIÓN, ETC.
Lugar de publicación, distribución, etc. Milano :
Nombre del editor, distribuidor, etc. A. Mondadori,
Fecha de publicación, distribución, etc. 1925.
300 ## - DESCRIPCIÓN FÍSICA
Extensión 270 p. ;
Dimensiones 19 cm.
490 1# - MENCIÓN DE SERIE
Mención de serie I Libri azzurri
830 0# - PUNTO DE ACCESO ADICIONAL DE SERIE-TÍTULO UNIFORME
Título uniforme I Libri azzurri
9 (RLIN) 233360
852 ## - LOCALIZACIÓN
Ubicación ES-MaACL
Número de control de estantería A-2237
Holdings
Estatus retirado Estado de pérdida Estado de daño No para préstamo Biblioteca de origen Biblioteca actual Ubicación en estantería Fecha de adquisición Fuente de adquisición Total de préstamos Signatura topográfica completa Código de barras Visto por última vez Precio de reemplazo Tipo de ítem Koha
        Biblioteca del Ateneo de Madrid Biblioteca del Ateneo de Madrid Sala Pecera Planta 1 17/01/2008     A-2237 1122582 23/02/2023 23/02/2023 Libro impreso